A kind of rapture / (Record no. 639)

MARC details
000 -LEADER
campo de control de longitud fija 01204cam a2200301 a 4500
001 - NÚMERO DE CONTROL
campo de control 1669875
005 - FECHA Y HORA DE LA ÚLTIMA TRANSACCIÓN
campo de control 20220326193326.0
008 - DATOS DE LONGITUD FIJA--INFORMACIÓN GENERAL
campo de control de longitud fija 980309s1998 nyua 000 0 eng
010 ## - NÚMERO DE CONTROL DE LA BIBLIOTECA DEL CONGRESO
Número de control de LC 98016454
020 ## - NÚMERO INTERNACIONAL ESTÁNDAR DEL LIBRO
Número Internacional Estándar del Libro 067944257X
035 ## - NÚMERO DE CONTROL DEL SISTEMA
Número de control de sistema (DLC) 98016454
040 ## - FUENTE DE CATALOGACIÓN
Centro catalogador/agencia de origen DLC
Centro/agencia transcriptor DLC
Centro/agencia modificador DLC
043 ## - CÓDIGO DE ÁREA GEOGRÁFICA
Código de área geográfica n-us---
082 00 - NÚMERO DE LA CLASIFICACIÓN DECIMAL DEWEY
Número de edición 21
Número de clasificación 779.209.2
Número de ítem B 499k
100 1# - ENTRADA PRINCIPAL--NOMBRE DE PERSONA
Nombre de persona Bergman, Robert.
9 (RLIN) 2860
245 12 - MENCIÓN DEL TÍTULO
Título A kind of rapture /
Mención de responsabilidad, etc. Robert Bergman ; introduction by Toni Morrison ; afterword by Meyer Schapiro.
246 30 - FORMA VARIANTE DEL TITULO
Título propio/Titulo breve Rapture
250 ## - MENCION DE EDICION
Mención de edición 1st ed.
260 ## - PUBLICACIÓN, DISTRIBUCIÓN, ETC.
Lugar de publicación, distribución, etc. New York :
Nombre del editor, distribuidor, etc. Pantheon Books,
Fecha de publicación, distribución, etc. c1998.
300 ## - DESCRIPCIÓN FÍSICA
Extensión 1 v. (unpaged) :
Otras características físicas col. ill. ;
Dimensiones 31 cm.
600 10 - PUNTO DE ACCESO ADICIONAL DE MATERIA--NOMBRE DE PERSONA
Nombre de persona Bergman, Robert.
9 (RLIN) 2861
650 #0 - PUNTO DE ACCESO ADICIONAL DE MATERIA--TÉRMINO DE MATERIA
Término de materia o nombre geográfico como elemento de entrada Portrait photography
Subdivisión geográfica United States.
9 (RLIN) 2862
700 ## - ENTRADA AGREGADA--NOMBRE PERSONAL
Nombre de persona Bergman, Robert.
9 (RLIN) 2863
856 42 - LOCALIZACIÓN Y ACCESO ELECTRÓNICOS
Materiales especificados Contributor biographical information
Identificador Uniforme de Recursos <a href="http://www.loc.gov/catdir/enhancements/fy1001/98016454-b.html">http://www.loc.gov/catdir/enhancements/fy1001/98016454-b.html</a>
856 42 - LOCALIZACIÓN Y ACCESO ELECTRÓNICOS
Materiales especificados Publisher description
Identificador Uniforme de Recursos <a href="http://www.loc.gov/catdir/enhancements/fy1001/98016454-d.html">http://www.loc.gov/catdir/enhancements/fy1001/98016454-d.html</a>
906 ## - ELEMENTOS DE DATOS F LOCAL, LDF (RLIN)
a 7
b cbc
c orignew
d 1
e ocip
f 19
g y-gencatlg
Holdings
Estatus retirado Estado de pérdida Fuente del sistema de clasificación o colocación Estado de daño No para préstamo Biblioteca de origen Biblioteca actual Ubicación en estantería Fecha de adquisición Total de préstamos Signatura topográfica completa Código de barras Visto por última vez Precio de reemplazo Tipo de ítem Koha
    Clasificación Decimal Dewey     Biblioteca LadoV Biblioteca LadoV   29/05/2015   779.209.2 B 499k 004044 29/05/2015 29/05/2015 Material 01